Т. 1 : Методы математической физики и их использование при расчетах электромагнитных полей; Электромагнитные поля технического оборудования

Xehetasun bibliografikoak
Parent link:Электромагнитные поля технического оборудования: монография/ С. М. Аполлонский. Т. 1 : Методы математической физики и их использование при расчетах электромагнитных полей.— , 2016
Gaia:Автор знакомит с методами математической физики, используемыми при расчете внешних электромагнитных полей электрооборудования, а также в формировании у читателей сознательного и ответственного отношения к вопросам как личной безопасности в условиях воздействия электромагнитных полей, так и к безопасности всей биосферы.Предназначена для студентов, магистров и аспирантов, изу­чающих электромагнитные поля технического оборудования и проблемы электромагнитной совместимости в технических системах.
Hizkuntza:errusiera
Argitaratua: 2016
Gaiak:
Formatua: MixedMaterials Liburua
KOHA link:https://koha.lib.tpu.ru/cgi-bin/koha/opac-detail.pl?biblionumber=318694

MARC

LEADER 00000nam2a2200000 4500
001 318694
005 20231102003113.0
010 |a 9785436507330 
035 |a (RuTPU)RU\TPU\book\344195 
090 |a 318694 
100 |a 20160504d2016 k y0rusy50 ca 
101 0 |a rus 
102 |a RU 
105 |a a z 001zy 
200 0 |a Т. 1 : Методы математической физики и их использование при расчетах электромагнитных полей 
210 |d 2016 
215 |a 281 с.  |c ил. 
320 |a Библиогр.: с. 267-271 
330 |a Автор знакомит с методами математической физики, используемыми при расчете внешних электромагнитных полей электрооборудования, а также в формировании у читателей сознательного и ответственного отношения к вопросам как личной безопасности в условиях воздействия электромагнитных полей, так и к безопасности всей биосферы.Предназначена для студентов, магистров и аспирантов, изу­чающих электромагнитные поля технического оборудования и проблемы электромагнитной совместимости в технических системах. 
461 1 |0 (RuTPU)RU\TPU\book\269456  |t Электромагнитные поля технического оборудования  |o монография  |o в 2 т.  |f С. М. Аполлонский  |v Т. 1 : Методы математической физики и их использование при расчетах электромагнитных полей  |d 2016 
606 1 |a Электромагнитное поле  |x (электротехника)  |2 stltpush  |3 (RuTPU)RU\TPU\subj\68715  |9 83881 
610 1 |a математическое описание 
610 1 |a математические модели 
610 1 |a расчет 
610 1 |a краевые задачи 
610 1 |a реальные среды 
610 1 |a перемещающиеся среды 
610 1 |a анизотропные среды 
610 1 |a математическая физика 
610 1 |a методы 
610 1 |a использование 
610 1 |a монографии 
675 |a 621.3.013  |v 4 
801 1 |a RU  |b 63413507  |c 20160504 
801 2 |a RU  |b 63413507  |c 20161003  |g RCR 
900 |a Методы математической физики 
942 |c BK 
959 |a 32/20160331  |d 3  |e 490,00  |f ЧЗТЛ:1  |f УФ:2 
959 |a 55/20160823  |d 3  |e 490,00  |f ЧЗТЛ:1  |f УФ:2